Statistiques concernant PLK-Au fond d'ma tête

Cliquez ici pour prendre le quiz!

Statistiques générales

  • Ce quiz a été pris 180 fois
  • Le résultat moyen est 279 sur 381

Statistiques - réponses

Réponse% Correct
A
99%
à
99%
a
99%
au
99%
fond
99%
le
99%
tête
99%
ça
98%
elle
98%
Couplet1 | RefrainElle
98%
est
98%
Et
98%
et
98%
les
98%
saisons
98%
toujours
98%
tout
98%
de
95%
dma
95%
d'ma
95%
ma
95%
toutes
95%
coeur
94%
dans
93%
je
93%
Je
93%
tombé
92%
raisons
91%
ses
90%
Jsuis
89%
J'suis
89%
j'suis
89%
piège
89%
que
82%
Couplet 2Mais
81%
mais
81%
la
80%
pas
80%
J'ai
77%
j'ai
77%
parce que
77%
si
77%
Si
77%
comme
73%
c'est
72%
mon
72%
toi
67%
Toi
67%
interdit
66%
Moi
66%
moi
66%
suis
66%
Des
65%
des
65%
mignon
64%
perdu
64%
tes
64%
t'es
64%
T'es
64%
perdre
62%
très
62%
m'attache
61%
base
59%
changé
59%
gentil
59%
J'crois
59%
j'crois
59%
l'ai
59%
mes
59%
millions
59%
nouvelle
59%
y'en
59%
père
58%
addition
57%
calcule
56%
temps
56%
pour
55%
Pour
55%
qu'j'ai
55%
une
55%
pilon
54%
frappe
53%
sous
53%
croqué
52%
sac
52%
défendu
51%
j'termine
51%
bien
50%
en
50%
fais
50%
Nouveau
50%
trop
50%
clean
49%
sourd
49%
Avec
48%
crâne
47%
être
47%
fraîche
47%
l'fruit
47%
m'en
46%
empiré
44%
fait
44%
fossettes
44%
n'écoute
44%
joues
43%
j'fais
42%
j'me
42%
détendu
41%
j'aime
41%
rentrer
41%
seul
41%
casser
39%
laissée
39%
on
39%
On
39%
beuh
38%
dossiers
37%
j'peux
37%
peur
37%
prix
37%
SIM
36%
j'vais
35%
paye
35%
qu'à
35%
pris
34%
qu'on
34%
t'as
34%
CDD
33%
CDI
33%
direct
33%
du
33%
nous
33%
autres
32%
bat
32%
bon
32%
charbonneur
32%
choses
32%
Mental
32%
m'saoule
32%
Négocie
32%
non
32%
tirer
32%
bosser
31%
d'se
31%
pars
31%
papier
29%
paraître
29%
comptant
28%
Fuck
28%
d'honneur
26%
licencier
26%
ceux
25%
distancer
25%
qu'ont
23%
s'remet
23%
s'reprend
23%
j'réapparais
21%
etça
10%

Distribution des résultats

Percentile par nombre de réponses

% des personnes avec chaque résultat

Votre développement - résultats

Vous n’avez pas pris ce quiz